Zikrus Shahadatain : / ذکر الشھادتين (Record no. 26561)

MARC details
000 -LEADER
fixed length control field 00486nam a22001697a 4500
003 - CONTROL NUMBER IDENTIFIER
control field BDDh-ASL
005 - DATE AND TIME OF LATEST TRANSACTION
control field 20231015030646.0
008 - FIXED-LENGTH DATA ELEMENTS--GENERAL INFORMATION
fixed length control field 211013s1860 i ||||| |||| 00| 0 u d
040 ## - CATALOGING SOURCE
Original cataloging agency BDDh-ASL
Transcribing agency BDDh-ASL
082 ## - DEWEY DECIMAL CLASSIFICATION NUMBER
Classification number 297.3
Item number ZIK
245 00 - TITLE STATEMENT
Title Zikrus Shahadatain : / ذکر الشھادتين
260 ## - PUBLICATION, DISTRIBUTION, ETC.
Place of publication, distribution, etc. Agra :
Name of publisher, distributor, etc. Elahi Press ,
Date of publication, distribution, etc. 1282H. / 1860.
300 ## - PHYSICAL DESCRIPTION
Extent 128 p. :
Dimensions 26 cm.
505 ## - FORMATTED CONTENTS NOTE
Formatted contents note Partly Worm-eaten
650 #0 - SUBJECT ADDED ENTRY--TOPICAL TERM
9 (RLIN) 3283
Topical term or geographic name entry element Islamic History
Form subdivision Karbala
942 ## - ADDED ENTRY ELEMENTS (KOHA)
Source of classification or shelving scheme Dewey Decimal Classification
Koha item type Books
Holdings
Withdrawn status Lost status Source of classification or shelving scheme Damaged status Not for loan Collection code Home library Current library Shelving location Date acquired Source of acquisition Serial Enumeration / chronology Total Checkouts Full call number Barcode Date last seen Copy number Price effective from Koha item type
    Dewey Decimal Classification     Non-fiction Asiatic Society Library Asiatic Society Library General Stacks 10/13/2021 ASB Library Collection U-0270   297.3 ZIK 112599 10/13/2021 C-1 10/13/2021 Books

Powered by Koha